[Event "Club 608-Issy les Moulineaux"]
[Site "Issy les Moulineaux"]
[Date "2007.12.16"]
[Round "4.5"]
[White "De Marchi, Olivier"]
[Black "Lavabre, Fabien"]
[Result "1/2-1/2"]
[WhiteElo "2214"]
[BlackElo "2192"]
[PlyCount "112"]
[EventDate "2007.12.16"]
[SourceDate "2007.10.24"]

1. d4 Nf6 2. c4 g6 3. Nc3 d5 4. cxd5 Nxd5 5. e4 Nxc3 6. bxc3 Bg7 7. Bc4 c5 8.
Ne2 O-O 9. O-O Nc6 10. Be3 Qc7 11. Rc1 Rd8 12. Bf4 Qd7 13. dxc5 Ne5 14. Bxe5
Bxe5 15. Qb3 Rf8 16. f4 Bc7 17. Nd4 Qg4 18. e5 a6 19. Rce1 Rb8 20. Bd5 e6 21.
Be4 Qh4 22. Re3 Qe7 23. Qb4 a5 24. Qc4 Bd7 25. a4 Rfc8 26. Rb1 Bd8 27. c6 bxc6
28. Ree1 Bb6 29. Kh1 Be8 30. Rec1 Qa3 31. Rd1 Bxd4 32. cxd4 Rxb1 33. Rxb1 Qe3
34. Bf3 Qxf4 35. Qc5 Qe3 36. h3 Qd2 37. Rd1 Qb4 38. Qxb4 axb4 39. Rb1 c5 40.
dxc5 Rxc5 41. Rxb4 Kg7 42. Be2 Rxe5 43. Bb5 Kf8 44. Kh2 Ke7 45. Kg3 Bxb5 46.
axb5 Kd7 47. b6 Kc8 48. Rc4+ Kb8 49. Rc7 Rf5 50. Kh4 h6 51. Kg3 e5 52. Re7 h5
53. h4 g5 54. hxg5 Rxg5+ 55. Kf3 f6 56. g3 Rg4 1/2-1/2

[Event "Club 608-Issy les Moulineaux"]
[Site "Issy les Moulineaux"]
[Date "2007.12.16"]
[Round "4.6"]
[White "Ricbour, Jeremy"]
[Black "Eche, Sylvain"]
[Result "1/2-1/2"]
[WhiteElo "2161"]
[BlackElo "2182"]
[PlyCount "97"]
[EventDate "2007.12.16"]
[SourceDate "2007.10.24"]

1. e4 c5 2. Nf3 g6 3. d4 cxd4 4. Nxd4 Nc6 5. c4 Nf6 6. Nc3 Nxd4 7. Qxd4 d6 8.
Be2 Bg7 9. Be3 O-O 10. Qd2 Be6 11. Rc1 Qa5 12. f3 Rfc8 13. b3 a6 14. Nd5 Qxd2+
15. Kxd2 Bxd5 16. cxd5 Nd7 17. b4 Bb2 18. Rc2 Rxc2+ 19. Kxc2 Be5 20. f4 Rc8+
21. Kb1 Bg7 22. Rc1 Rxc1+ 23. Kxc1 Nf6 24. Bf3 h5 25. h3 Nd7 26. Kd2 b6 27. Be2
b5 28. a4 bxa4 29. Bxa6 Kf8 30. Kc2 Ke8 31. Bb5 a3 32. Kb3 Bb2 33. Bb6 e6 34.
Bf2 exd5 35. exd5 Kd8 36. Be2 Kc7 37. f5 Nb6 38. fxg6 fxg6 39. Bf3 Nc4 40. Be1
Ne5 41. Be4 Kb6 42. Bg3 g5 43. h4 gxh4 44. Bxh4 Kc7 45. Be1 Kb6 46. Bg3 Kc7 47.
Ka2 Kb6 48. Bf2+ Kc7 49. Be1 1/2-1/2

[Event "Club 608-Issy les Moulineaux"]
[Site "Issy les Moulineaux"]
[Date "2007.12.16"]
[Round "4.7"]
[White "Mendeiros, Jerome"]
[Black "Stambul, Adam"]
[Result "1/2-1/2"]
[WhiteElo "2126"]
[BlackElo "2143"]
[PlyCount "114"]
[EventDate "2007.12.16"]
[SourceDate "2007.10.24"]

1. e4 e5 2. Nf3 Nc6 3. Bb5 a6 4. Ba4 Nf6 5. O-O Be7 6. Re1 b5 7. Bb3 O-O 8. a4
b4 9. d3 d6 10. Nbd2 Na5 11. Ba2 c5 12. Nc4 Nc6 13. h3 Rb8 14. c3 Qc7 15. Bd2
Be6 16. Qc2 Nd7 17. Bg5 Nb6 18. Nxb6 Bxa2 19. Rxa2 Rxb6 20. Qd2 Nd8 21. Be3 Ne6
22. d4 Rfb8 23. dxe5 dxe5 24. Qd5 Bf6 25. Raa1 Rd6 26. Qc4 Qa5 27. Nd2 Rc6 28.
Qd5 Qc7 29. Nf3 bxc3 30. bxc3 c4 31. Qd2 Rd6 32. Qe2 Rd3 33. Rec1 Nc5 34. Bxc5
Qxc5 35. Ne1 Rd7 36. Nc2 Rbd8 37. Rd1 Qc6 38. Rxd7 Rxd7 39. Nb4 Qc8 40. Nd5 Bd8
41. Rb1 a5 42. Rb5 Rd6 43. Qh5 Qe6 44. Rb8 h6 45. Qe2 f5 46. f3 fxe4 47. fxe4
Kh7 48. Qxc4 Bh4 49. Qc8 Qf7 50. Qh8+ Kg6 51. Qe8 Qxe8 52. Rxe8 Rc6 53. Rxe5
Rc4 54. Kf1 Rxa4 55. Ke2 Bf6 56. Nxf6 gxf6 57. Rc5 Rxe4+ 1/2-1/2

[Event "Club 608-Issy les Moulineaux"]
[Site "Issy les Moulineaux"]
[Date "2007.12.16"]
[Round "4.8"]
[White "Zoeller, Laure"]
[Black "Mousset Evtouchenko, Nina"]
[Result "0-1"]
[WhiteElo "2010"]
[BlackElo "1843"]
[PlyCount "64"]
[EventDate "2007.12.16"]
[SourceDate "2007.10.24"]

1. e4 c5 2. Nf3 d6 3. d4 cxd4 4. Nxd4 Nf6 5. Nc3 a6 6. Be2 e6 7. O-O b5 8. a3
Be7 9. Be3 Bb7 10. Bd3 Nbd7 11. f4 O-O 12. Nb3 Rc8 13. Bd4 e5 14. Be3 Nb6 15.
Nd2 Re8 16. Qf3 Bf8 17. Qg3 exf4 18. Qxf4 Nc4 19. Bxc4 bxc4 20. Bd4 Be7 21.
Rae1 Rf8 22. Kh1 Qd7 23. e5 Nh5 24. Qf2 Qg4 25. Nde4 d5 26. Ng3 Bh4 27. Nce2
Rc6 28. Qf5 Rg6 29. Qxh5 Qxh5 30. Nxh5 Bxe1 31. Rxe1 Rg4 32. Nhf4 g5 0-1

[Event "Arras-Franconville"]
[Site "Franconville"]
[Date "2007.12.16"]
[Round "4.1"]
[White "Andrieux, Pascal"]
[Black "Debray, Christopher"]
[Result "1/2-1/2"]
[WhiteElo "2219"]
[BlackElo "2380"]
[PlyCount "66"]
[EventDate "2007.12.16"]
[SourceDate "2007.10.24"]

1. e4 c5 2. Nc3 e6 3. g3 Nc6 4. Bg2 g6 5. d3 Bg7 6. Nge2 Nge7 7. O-O O-O 8. Be3
Nd4 9. f4 d6 10. e5 Nef5 11. Bf2 dxe5 12. fxe5 Rb8 13. Ne4 b6 14. Nxd4 cxd4 15.
Nf6+ Bxf6 16. exf6 h5 17. g4 hxg4 18. Qxg4 Qxf6 19. Bg3 e5 20. Rae1 Re8 21.
Qxd4 Bb7 22. Bxe5 Qg5 23. Qf2 Rbc8 24. Bf4 Qg4 25. h3 Qxg2+ 26. Qxg2 Bxg2 27.
Rxe8+ Rxe8 28. Kxg2 Ne3+ 29. Bxe3 Rxe3 30. Rf3 Re2+ 31. Rf2 Re5 32. Rf3 Re2+
33. Rf2 Re3 1/2-1/2

[Event "Arras-Franconville"]
[Site "Franconville"]
[Date "2007.12.16"]
[Round "4.2"]
[White "Jactel, Nicolas"]
[Black "Goasdoue, Vincent"]
[Result "1-0"]
[WhiteElo "2126"]
[BlackElo "2146"]
[PlyCount "113"]
[EventDate "2007.12.16"]
[SourceDate "2007.10.24"]

1. e4 g6 2. d4 Bg7 3. Nc3 d6 4. Be3 a6 5. Qd2 b5 6. a4 b4 7. Nd1 a5 8. c3 Nf6
9. Bd3 Na6 10. Ne2 Ng4 11. Bg5 h6 12. Bh4 c5 13. O-O Qb6 14. Bb5+ Kf8 15. f4
Nc7 16. Bc4 Ba6 17. Bxa6 Nxa6 18. Kh1 cxd4 19. cxd4 Nf6 20. e5 Ne4 21. Qd3 d5
22. f5 g5 23. Bg3 f6 24. Ne3 Nc7 25. Rac1 Qb7 26. e6 Nxg3+ 27. Nxg3 h5 28. Rc5
g4 29. Rfc1 Ne8 30. Nxd5 h4 31. Ne4 h3 32. g3 Bh6 33. R1c2 Rd8 34. Rb5 Qa8 35.
Nb6 Qa7 36. Nd7+ Kg7 37. Qd1 Kh7 38. Qxg4 Rg8 39. Qd1 Qa8 40. d5 Rc8 41. Nb6
Rxc2 42. Nxa8 Rc1 43. Qxc1 Bxc1 44. b3 Rg4 45. Nf2 Rd4 46. Nxh3 Nd6 47. Rc5 Be3
48. Rxa5 Nxf5 49. Rb5 Nd6 50. Rb8 Rxd5 51. Rxb4 Rd2 52. Nb6 Bc5 53. Rh4+ Kg7
54. Nc4 Rd1+ 55. Kg2 Nf5 56. Rh5 Rd5 57. Nf4 1-0

[Event "Arras-Franconville"]
[Site "Franconville"]
[Date "2007.12.16"]
[Round "4.3"]
[White "Stawiarski, Edmond"]
[Black "Appendino, Jerome"]
[Result "1/2-1/2"]
[WhiteElo "2122"]
[BlackElo "2177"]
[PlyCount "105"]
[EventDate "2007.12.16"]
[SourceDate "2007.10.24"]

1. e4 c5 2. b4 cxb4 3. d4 d5 4. e5 Bf5 5. Bd3 Bxd3 6. Qxd3 e6 7. a3 Nc6 8. axb4
Nxb4 9. Qd1 Rc8 10. c3 Nc6 11. Ne2 Nge7 12. Bg5 h6 13. Bc1 h5 14. Bg5 Qd7 15.
h4 Nf5 16. Nf4 g6 17. Nd2 Bg7 18. g4 hxg4 19. Qxg4 Nxe5 20. dxe5 Bxe5 21. Ne2
a6 22. Rh3 Rh5 23. Rd1 Qb5 24. c4 dxc4 25. Nxc4 Rxg5 26. Qxg5 Qxc4 27. Rhd3
Qb4+ 28. Kf1 Qe7 29. Qg2 Nxh4 30. Qe4 Bf6 31. Rd7 Qc5 32. Qxb7 Qc6 33. Rxf7
Qxb7 34. Rxb7 Rd8 35. Rxd8+ Bxd8 36. Nf4 Be7 37. Nxe6 Kf7 38. Nf4 Nf5 39. Ra7
g5 40. Nd5 Ke6 41. Nxe7 Nxe7 42. Rxa6+ Kf5 43. Kg2 Ng6 44. Kg3 Ne5 45. f3 Ng6
46. Ra5+ Ne5 47. Rb5 Kf6 48. Rb8 Kf5 49. Rf8+ Ke6 50. Kf2 Nd7 51. Rd8 Nf6 52.
Ke3 Ke5 53. Ra8 1/2-1/2

[Event "Arras-Franconville"]
[Site "Franconville"]
[Date "2007.12.16"]
[Round "4.4"]
[White "Jacquet, Francois"]
[Black "Isufi, Ermal"]
[Result "1/2-1/2"]
[WhiteElo "2219"]
[BlackElo "2127"]
[PlyCount "118"]
[EventDate "2007.12.16"]
[SourceDate "2007.10.24"]

1. e4 e5 2. Nf3 d6 3. d4 exd4 4. Nxd4 Nd7 5. Nc3 Nb6 6. Bf4 g6 7. Qd2 Bg7 8.
O-O-O Bd7 9. f3 Qf6 10. e5 dxe5 11. Bxe5 Qxe5 12. Re1 O-O-O 13. Rxe5 Bxe5 14.
Nb3 Nf6 15. Bd3 Nbd5 16. Nxd5 Nxd5 17. Qa5 Bc6 18. Qxa7 b6 19. Ba6+ Kd7 20. Bb7
Ra8 21. Bxc6+ Kxc6 22. Na5+ bxa5 23. Qf2 Rab8 24. c3 Bf4+ 25. Kc2 Ne3+ 26. Kb1
Nc4 27. b3 Rhe8 28. Rd1 Be5 29. Qh4 Na3+ 30. Kc1 Nb5 31. Qc4+ Kb6 32. Rd5 Nxc3
33. Qc5+ Kb7 34. Rxe5 Rxe5 35. Qxe5 Nxa2+ 36. Kb2 Nb4 37. Qxa5 c5 38. Qb5+ Ka8
39. Qa4+ Kb7 40. Qd7+ Kb6 41. Qxf7 Ra8 42. Qe6+ Kb5 43. Qd7+ Kb6 44. Qe6+ Kb5
45. Qc4+ Kb6 46. Kb1 Rd8 47. Qe2 Nc6 48. f4 Nd4 49. Qc4 Re8 50. b4 Re1+ 51. Kb2
Re2+ 52. Kc1 Rc2+ 53. Qxc2 Nxc2 54. bxc5+ Kxc5 55. Kxc2 Kd4 56. Kd2 Ke4 57. g3
Kf3 58. Ke1 h5 59. Kf1 h4 1/2-1/2

[Event "Arras-Franconville"]
[Site "Franconville"]
[Date "2007.12.16"]
[Round "4.5"]
[White "Leruste, Georges"]
[Black "Moncaubeig, Bruno"]
[Result "1-0"]
[WhiteElo "2117"]
[BlackElo "2136"]
[PlyCount "63"]
[EventDate "2007.12.16"]
[SourceDate "2007.10.24"]

1. d4 Nf6 2. c4 g6 3. Nc3 Bg7 4. e4 d6 5. Nf3 O-O 6. Be2 e5 7. O-O Nc6 8. d5
Ne7 9. Ne1 Nd7 10. Be3 f5 11. f3 f4 12. Bf2 Nf6 13. c5 g5 14. a4 Ng6 15. a5 h5
16. cxd6 cxd6 17. Nb5 g4 18. Bxa7 g3 19. Bb6 Qe7 20. Kh1 Ng4 21. fxg4 hxg4 22.
Bxg4 Qh4 23. h3 Bxg4 24. Qxg4 Qxg4 25. hxg4 Kf7 26. Nf3 Rh8+ 27. Kg1 Bf6 28.
Nxd6+ Ke7 29. Nf5+ Kd7 30. Rfc1 Bd8 31. Bxd8 Raxd8 32. Rc5 1-0

[Event "Arras-Franconville"]
[Site "Franconville"]
[Date "2007.12.16"]
[Round "4.6"]
[White "Abouan, Stephane"]
[Black "Sintive, Xavier"]
[Result "0-1"]
[WhiteElo "2050"]
[BlackElo "1944"]
[PlyCount "72"]
[EventDate "2007.12.16"]
[SourceDate "2007.10.24"]

1. e4 c5 2. Nf3 Nc6 3. Bb5 g6 4. Bxc6 bxc6 5. O-O Bg7 6. Nc3 Nf6 7. d3 O-O 8.
Be3 d6 9. h3 h6 10. Nh2 e5 11. f4 exf4 12. Rxf4 Rb8 13. Rb1 Qe7 14. Rf1 Kh7 15.
Nf3 d5 16. Bf4 Rb7 17. Re1 Be6 18. b3 c4 19. exd5 cxd5 20. dxc4 dxc4 21. Bd6
Rd8 22. Bxe7 Rxd1 23. Rbxd1 Rxe7 24. Nd4 Ng8 25. Nd5 Bxd5 26. Rxe7 Nxe7 27. Nb5
a5 28. Nc7 cxb3 29. cxb3 Bc6 30. Na6 Nf5 31. Nb8 Bd4+ 32. Kh1 Bxg2+ 33. Kh2
Be5+ 34. Kxg2 Ne3+ 35. Kf3 Nxd1 36. Nc6 Bc7 0-1

[Event "Arras-Franconville"]
[Site "Franconville"]
[Date "2007.12.16"]
[Round "4.7"]
[White "Manet, Eric"]
[Black "Eid, Maha"]
[Result "0-1"]
[WhiteElo "2026"]
[BlackElo "1841"]
[PlyCount "62"]
[EventDate "2007.12.16"]
[SourceDate "2007.10.24"]

1. e4 c5 2. Nf3 e6 3. d4 cxd4 4. Nxd4 a6 5. g3 Qc7 6. Bg2 b5 7. O-O Bb7 8. Nc3
Nf6 9. a3 d6 10. Bg5 Nbd7 11. Re1 Be7 12. h3 h6 13. Bxf6 Nxf6 14. Qe2 Nd7 15.
Kh2 Ne5 16. f4 Nc4 17. Rab1 Nxa3 18. Ncxb5 Nxb5 19. Nxb5 axb5 20. Qxb5+ Qc6 21.
Qe2 Rc8 22. c3 O-O 23. g4 Bh4 24. Red1 Qc4 25. Qe3 Qc5 26. Qd2 Rfd8 27. Rf1 d5
28. e5 Ba6 29. Rfd1 Bf2 30. b4 Qe3 31. b5 Bb7 0-1

[Event "Arras-Franconville"]
[Site "Franconville"]
[Date "2007.12.16"]
[Round "4.8"]
[White "Perrusset, Barbara"]
[Black "Loyer, Angelique"]
[Result "0-1"]
[WhiteElo "1864"]
[BlackElo "1982"]
[PlyCount "96"]
[EventDate "2007.12.16"]
[SourceDate "2007.10.24"]

1. d4 d5 2. c4 c6 3. e3 Nf6 4. Nc3 Bf5 5. Nf3 e6 6. Be2 Bd6 7. O-O Nbd7 8. b3
Qc7 9. Bb2 Ne4 10. c5 Be7 11. Nd2 Nef6 12. f3 e5 13. b4 exd4 14. exd4 O-O 15.
Nb3 b6 16. Bc1 Bg6 17. Bd3 Bxd3 18. Qxd3 Nh5 19. Ne2 a5 20. a3 axb4 21. axb4
Rxa1 22. Nxa1 Ra8 23. Nc2 g6 24. Be3 Bf6 25. Qc3 bxc5 26. bxc5 Qb7 27. Qb4 Qc8
28. Nc3 Rb8 29. Qa3 Ng7 30. Rb1 Rxb1+ 31. Nxb1 Qb7 32. Qb4 Qxb4 33. Nxb4 Nf5
34. Bf2 Nxd4 35. Bxd4 Bxd4+ 36. Kf1 Nb8 37. Nd3 Na6 38. Ke2 Bxc5 39. Ne5 Nb8
40. Kd3 Bd6 41. Kd4 f6 42. Ng4 Kf7 43. h3 Ke6 44. Nc3 c5+ 45. Kd3 c4+ 46. Kd2
f5 47. Nf2 d4 48. Nb5 Nc6 0-1

[Event "Arcueil-JEEN"]
[Site "Arcueil"]
[Date "2007.12.16"]
[Round "4.1"]
[White "Marchand, Francois"]
[Black "Simon, Olivier"]
[Result "0-1"]
[WhiteElo "2216"]
[BlackElo "2397"]
[PlyCount "56"]
[EventDate "2007.12.16"]
[SourceDate "2007.10.24"]

1. d4 Nf6 2. c4 g6 3. Nc3 Bg7 4. Bg5 h6 5. Bh4 c5 6. d5 b5 7. cxb5 Qa5 8. Qd2
a6 9. b6 d6 10. h3 Nbd7 11. e4 Rb8 12. Nf3 Rxb6 13. Rc1 g5 14. Bg3 Rxb2 15.
Qxb2 Nxe4 16. Nd2 Bxc3 17. Rxc3 Qxc3 18. Qxc3 Nxc3 19. Bc4 Nb6 20. Bb3 Bb7 21.
O-O Ne2+ 22. Kh2 Nxg3 23. fxg3 Bxd5 24. Rb1 Kd7 25. Bxd5 Nxd5 26. Rb7+ Kc6 27.
Rc7+ Nxc7 28. Nc4 Rc8 0-1

[Event "Arcueil-JEEN"]
[Site "Arcueil"]
[Date "2007.12.16"]
[Round "4.2"]
[White "Mehaibia, Azzedine"]
[Black "Mircescu, Ovidiu"]
[Result "0-1"]
[WhiteElo "2204"]
[BlackElo "2132"]
[PlyCount "106"]
[EventDate "2007.12.16"]
[SourceDate "2007.10.24"]

1. e4 c5 2. Nf3 a6 3. c4 e6 4. d4 cxd4 5. Nxd4 Nf6 6. Nc3 Bb4 7. Bd3 Bxc3+ 8.
bxc3 Qc7 9. O-O d6 10. Bg5 Nbd7 11. f4 Qc5 12. Kh1 h6 13. Nb3 Qc7 14. Bh4 e5
15. c5 dxc5 16. fxe5 Nxe5 17. Bc2 Bg4 18. Qd2 Nfd7 19. Bg3 O-O 20. Qf4 Qc6 21.
h3 Be6 22. Qf2 Rfc8 23. Rad1 a5 24. Nc1 f6 25. Bb1 b5 26. Nd3 b4 27. cxb4 axb4
28. Nf4 Bc4 29. Nd5 Kf7 30. Rfe1 Qa6 31. Rd2 Bd3 32. Qf5 Bxb1 33. Rxb1 Qe6 34.
Qf2 Nc4 35. Re2 Nde5 36. Bxe5 Nxe5 37. Qe3 Ra3 38. Rb3 Ra5 39. Rc2 Rc6 40. Nf4
Qe7 41. Nd5 Qb7 42. Qe2 Qa6 43. Qd2 Qf1+ 44. Kh2 Nc4 45. Rxc4 Qxc4 46. Nxb4 Rc7
47. Nd5 Rca7 48. Nc7 Qd4 49. Qxd4 cxd4 50. Nb5 Rd7 51. a3 d3 52. Nc3 d2 53. Nd1
Rc5 0-1

[Event "Arcueil-JEEN"]
[Site "Arcueil"]
[Date "2007.12.16"]
[Round "4.3"]
[White "Baudoin, Paul"]
[Black "Yordanov, Nikolay"]
[Result "0-1"]
[WhiteElo "2010"]
[BlackElo "2187"]
[PlyCount "42"]
[EventDate "2007.12.16"]
[SourceDate "2007.10.24"]

1. e4 e5 2. Nc3 Nc6 3. Bc4 Nf6 4. d3 Bc5 5. f4 d6 6. Nf3 a6 7. a3 Be6 8. Bxe6
fxe6 9. fxe5 dxe5 10. Bg5 h6 11. Bh4 O-O 12. Qd2 Qe7 13. h3 Rf7 14. Bg3 Nh5 15.
Ne2 Nxg3 16. Nxg3 Nd4 17. Rf1 Nxf3+ 18. gxf3 Qh4 19. Qh2 Rf6 20. Ke2 Qf4 21.
Rae1 Rg6 0-1

[Event "Arcueil-JEEN"]
[Site "Arcueil"]
[Date "2007.12.16"]
[Round "4.4"]
[White "Giroux, Fabrice"]
[Black "Debehaigne, Benoit"]
[Result "1-0"]
[WhiteElo "2169"]
[BlackElo "1929"]
[PlyCount "109"]
[EventDate "2007.12.16"]
[SourceDate "2007.10.24"]

1. c4 Nf6 2. Nc3 g6 3. g3 Bg7 4. Bg2 c6 5. d4 d6 6. Nf3 Qa5 7. O-O O-O 8. a3
Be6 9. Qd3 Qa6 10. b3 d5 11. Nd2 Rd8 12. Bb2 Nbd7 13. Nd1 Nb6 14. c5 Qxd3 15.
exd3 Nc8 16. Ne3 Bd7 17. b4 e6 18. Bc3 a6 19. Nb3 Na7 20. a4 Be8 21. Nc2 Nd7
22. Rfe1 Bh6 23. Bd2 Bxd2 24. Nxd2 Nf8 25. f4 Kg7 26. Nb3 Rac8 27. Re2 Rc7 28.
Ne1 Kg8 29. Nf3 Kg7 30. Nbd2 Nc8 31. Nb1 Na7 32. Nc3 Kg8 33. Kf2 Kg7 34. Nd2
Rcc8 35. Ndb1 Nd7 36. Na3 Nf6 37. Bf3 Ng8 38. Rb1 Ne7 39. g4 Bd7 40. Reb2 Rc7
41. Bd1 h5 42. b5 cxb5 43. axb5 axb5 44. Naxb5 Nxb5 45. Nxb5 Bxb5 46. Rxb5 hxg4
47. Bxg4 Rdd7 48. Ke3 Kf6 49. R5b2 Nf5+ 50. Bxf5 Kxf5 51. Kf3 f6 52. Re2 Rh7
53. Kg3 Rc6 54. h4 Rcc7 55. Rf1 1-0

[Event "Arcueil-JEEN"]
[Site "Arcueil"]
[Date "2007.12.16"]
[Round "4.5"]
[White "Cheron, Stephane"]
[Black "Lafaurie, Pierre"]
[Result "0-1"]
[WhiteElo "1999"]
[BlackElo "2113"]
[PlyCount "88"]
[EventDate "2007.12.16"]
[SourceDate "2007.10.24"]

1. e4 e6 2. d4 d5 3. e5 c5 4. c3 Qb6 5. Nf3 Bd7 6. Bd3 Bb5 7. O-O Bxd3 8. Qxd3
Qa6 9. Qxa6 Nxa6 10. a3 c4 11. Be3 Ne7 12. Nbd2 Nc6 13. b3 cxb3 14. Nxb3 Be7
15. Nfd2 Kd7 16. c4 dxc4 17. Nxc4 b6 18. Rfd1 Nc7 19. Bd2 Nd5 20. Ne3 Nxe3 21.
Bxe3 h5 22. f4 Rhd8 23. Ra2 Kc7 24. Rc1 Kb7 25. Rca1 Rac8 26. Rb2 Ka8 27. Rd2
Rd7 28. Kf2 Bf8 29. Rc2 Rdc7 30. Bd2 g6 31. g3 Kb7 32. Rb2 Ka6 33. a4 Nb4 34.
Ke2 Rc2 35. Rab1 Rxb2 36. Rxb2 Nd3 37. a5 b5 38. Kxd3 Be7 39. h3 Rc4 40. Rc2
Rxc2 41. Kxc2 b4 42. Kd3 Kb5 43. Be1 h4 44. Bf2 Bf8 0-1

[Event "Arcueil-JEEN"]
[Site "Arcueil"]
[Date "2007.12.16"]
[Round "4.6"]
[White "Maillot, Fabien"]
[Black "Houdayer, Jerome"]
[Result "1-0"]
[WhiteElo "2038"]
[BlackElo "1920"]
[PlyCount "63"]
[EventDate "2007.12.16"]
[SourceDate "2007.10.24"]

1. c4 e5 2. Nc3 b6 3. Nf3 Nc6 4. e3 Bb7 5. d4 exd4 6. exd4 Bb4 7. d5 Nce7 8.
Bg5 Bxc3+ 9. bxc3 f6 10. Bf4 Ng6 11. Bg3 N8e7 12. Bd3 O-O 13. O-O f5 14. Re1 f4
15. Bh4 Nxh4 16. Nxh4 Nxd5 17. Bxh7+ Kxh7 18. Qh5+ Kg8 19. cxd5 Qf6 20. Re5
Bxd5 21. Rxd5 Qxc3 22. Rad1 Rae8 23. Nf3 d6 24. h4 Qc2 25. R5d3 Re6 26. Qd5
Rfe8 27. Nd4 Qc5 28. Nxe6 Qxd5 29. Rxd5 Rxe6 30. Rc1 Re2 31. Rxc7 Rxa2 32. Kf1
1-0

[Event "Arcueil-JEEN"]
[Site "Arcueil"]
[Date "2007.12.16"]
[Round "4.7"]
[White "Carbonnet, Christophe"]
[Black "Gillot, Jean Yves"]
[Result "0-1"]
[WhiteElo "1827"]
[BlackElo "1954"]
[PlyCount "64"]
[EventDate "2007.12.16"]
[SourceDate "2007.10.24"]

1. d4 d5 2. c4 e6 3. Nc3 Nf6 4. cxd5 exd5 5. Bg5 c6 6. e3 Nbd7 7. Bd3 Be7 8.
Nge2 Ne4 9. Bxe7 Qxe7 10. Qc2 f5 11. O-O O-O 12. Rae1 Qg5 13. Nf4 Rf6 14. f3
Nd6 15. Nh3 Qh4 16. Qf2 Qh5 17. Nf4 Qf7 18. Qh4 Nf8 19. e4 dxe4 20. fxe4 fxe4
21. Nh5 Rf5 22. g4 Rxf1+ 23. Rxf1 Qd7 24. Qf2 Qxg4+ 25. Ng3 Be6 26. Ncxe4 Nxe4
27. Bxe4 Nd7 28. d5 cxd5 29. Bf5 Bxf5 30. Qxf5 Qxf5 31. Nxf5 Nf6 32. Ne7+ Kh8
0-1

[Event "Arcueil-JEEN"]
[Site "Arcueil"]
[Date "2007.12.16"]
[Round "4.8"]
[White "Gatine, Aurelia"]
[Black "Sinny Palany, Emilie"]
[Result "1-0"]
[WhiteElo "2028"]
[BlackElo "1099"]
[PlyCount "29"]
[EventDate "2007.12.16"]
[SourceDate "2007.10.24"]

1. e4 e5 2. Nf3 Nc6 3. Nc3 Nf6 4. d4 d6 5. Bb5 Bd7 6. O-O exd4 7. Nxd4 Nxd4 8.
Qxd4 Bxb5 9. Nxb5 Qd7 10. c4 O-O-O 11. Qxa7 Qc6 12. Bg5 Be7 13. Rad1 Qxe4 14.
c5 dxc5 15. Qa8# 1-0

[Event "Franconville-Rueil Malmaison"]
[Site "Rueil Malmaison"]
[Date "2008.01.19"]
[Round "5.1"]
[White "Debray, Christopher"]
[Black "Williams, Simon"]
[Result "0-1"]
[WhiteElo "2362"]
[BlackElo "2482"]
[PlyCount "72"]
[EventDate "2008.01.19"]
[SourceDate "2007.10.24"]

1. e4 e6 2. d4 d5 3. Nc3 Bb4 4. exd5 exd5 5. Bd3 Nc6 6. a3 Bxc3+ 7. bxc3 Qf6 8.
Qh5 Nge7 9. Bg5 Qe6+ 10. Ne2 Qg4 11. Qxg4 Bxg4 12. h3 Bf5 13. g4 Bg6 14. f4 f6
15. Bh4 Be4 16. Bxe4 dxe4 17. Kf2 O-O-O 18. f5 Nd5 19. c4 Nb6 20. c5 Nc4 21. c3
Ne7 22. Nf4 Nd5 23. Nxd5 Rxd5 24. Rhe1 Re8 25. Kg3 Kd7 26. Kf4 e3 27. Kf3 b6
28. cxb6 axb6 29. Ke2 Ra8 30. Kd3 Ra4 31. Bg3 c5 32. Bf4 cxd4 33. cxd4 Nb2+ 34.
Kc2 Rc4+ 35. Kb3 Rb5+ 36. Ka2 Nd3 0-1

[Event "Franconville-Rueil Malmaison"]
[Site "Rueil Malmaison"]
[Date "2008.01.19"]
[Round "5.2"]
[White "Pira, Davoud"]
[Black "Jactel, Nicolas"]
[Result "1-0"]
[WhiteElo "2406"]
[BlackElo "2124"]
[PlyCount "113"]
[EventDate "2008.01.19"]
[SourceDate "2007.10.24"]

1. d4 Nf6 2. Nf3 g6 3. c4 Bg7 4. Nc3 d5 5. cxd5 Nxd5 6. e4 Nxc3 7. bxc3 c5 8.
Rb1 O-O 9. Be2 b6 10. O-O Bb7 11. Qd3 e6 12. Bg5 Qc7 13. Qe3 Nd7 14. e5 Rfe8
15. Nd2 f6 16. exf6 Nxf6 17. Bxf6 Bxf6 18. dxc5 bxc5 19. Bf3 Be5 20. c4 Bd4 21.
Qe2 Bxf3 22. Nxf3 Rab8 23. g3 e5 24. Ng5 Qc6 25. Ne4 Rf8 26. Rb3 Rxb3 27. axb3
Qb6 28. Qd3 Rb8 29. Nd2 Qc6 30. h4 Re8 31. Ne4 Rb8 32. Qf3 Rf8 33. Qg4 Rf5 34.
Rd1 Qb6 35. Rd3 Qa5 36. Qe2 Qb6 37. Rf3 Qe6 38. Kg2 Kg7 39. Ng5 Qc6 40. Qe4
Qxe4 41. Nxe4 h6 42. g4 Rxf3 43. Kxf3 Kf7 44. Ke2 Ke6 45. f3 Bg1 46. Ng3 Bh2
47. Ne4 Bg1 48. Nc3 Bd4 49. Nb5 a5 50. Nc7+ Kd6 51. Nd5 e4 52. fxe4 Ke5 53. Kf3
g5 54. h5 Ke6 55. e5 Kxe5 56. Ne7 Ke6 57. Nf5 1-0

[Event "Franconville-Rueil Malmaison"]
[Site "Rueil Malmaison"]
[Date "2008.01.19"]
[Round "5.3"]
[White "Jacquet, Francois"]
[Black "Bafounta, Denis"]
[Result "1/2-1/2"]
[WhiteElo "2220"]
[BlackElo "2317"]
[PlyCount "51"]
[EventDate "2008.01.19"]
[SourceDate "2007.10.24"]

1. e4 c5 2. Nf3 Nc6 3. d4 cxd4 4. Nxd4 Nf6 5. Nc3 d6 6. Bg5 e6 7. Qd2 Be7 8.
O-O-O Nxd4 9. Qxd4 O-O 10. Kb1 Nxe4 11. Nxe4 Bxg5 12. Qxd6 Be7 13. Qxd8 Rxd8
14. Rxd8+ Bxd8 15. Nd6 Bd7 16. Bb5 Bxb5 17. Nxb5 Bb6 18. Rf1 Rd8 19. Kc1 f5 20.
c4 Kf7 21. Kc2 e5 22. f3 a6 23. Nc3 Rd4 24. b3 Ba5 25. Rf2 Bxc3 26. Kxc3
1/2-1/2

[Event "Franconville-Rueil Malmaison"]
[Site "Rueil Malmaison"]
[Date "2008.01.19"]
[Round "5.4"]
[White "Camus de Solliers, Guillaume"]
[Black "Barthes, Christian"]
[Result "1/2-1/2"]
[WhiteElo "2314"]
[BlackElo "2124"]
[PlyCount "88"]
[EventDate "2008.01.19"]
[SourceDate "2007.10.24"]

1. d4 Nf6 2. c4 e6 3. Nf3 b6 4. g3 Bb7 5. Bg2 c5 6. d5 exd5 7. Nh4 g6 8. cxd5
Bg7 9. Nc3 d6 10. O-O O-O 11. Nf3 Na6 12. Nd2 Nc7 13. e4 b5 14. a4 a6 15. h3
Re8 16. Ra2 b4 17. Ncb1 a5 18. Qc2 Ba6 19. Rd1 Rb8 20. b3 Na8 21. Bf1 Bxf1 22.
Rxf1 Nb6 23. Bb2 Qe7 24. Bxf6 Bxf6 25. Qd3 Nd7 26. Re1 Ne5 27. Qe2 Qd8 28. Nc4
Nxc4 29. Qxc4 Bd4 30. Ree2 Qg5 31. Kg2 h5 32. Nd2 Bc3 33. f4 Qd8 34. Nf3 Qc7
35. Re3 Re7 36. Rae2 Rbe8 37. Rf2 Bf6 38. Rfe2 Bc3 39. Rf2 Bf6 40. Rc2 Bc3 41.
Rce2 Ba1 42. Rd3 Rd8 43. Nh4 Bf6 44. Nf3 Bc3 1/2-1/2

[Event "Franconville-Rueil Malmaison"]
[Site "Rueil Malmaison"]
[Date "2008.01.19"]
[Round "5.5"]
[White "Le, Remy"]
[Black "Lucas, Jean Christian"]
[Result "1-0"]
[WhiteElo "2069"]
[BlackElo "2114"]
[PlyCount "81"]
[EventDate "2008.01.19"]
[SourceDate "2007.10.24"]

1. e4 c5 2. Nf3 Nc6 3. d4 cxd4 4. Nxd4 e5 5. Nb3 Nf6 6. Bg5 Be7 7. Bxf6 Bxf6 8.
Bc4 O-O 9. O-O d6 10. Nc3 a6 11. a4 b6 12. Qd2 Bg5 13. Qe2 Nb4 14. Rad1 Qc7 15.
Nd5 Nxd5 16. Bxd5 Ra7 17. Rd3 Bd7 18. Rc3 Qd8 19. Bc6 Rc7 20. Bxd7 Qxd7 21.
Qxa6 Rxc3 22. bxc3 Qc7 23. c4 Rc8 24. Rd1 g6 25. a5 bxa5 26. Nxa5 Bd8 27. Ra1
Rb8 28. Nb3 Kg7 29. g3 Rb6 30. Qa8 Bg5 31. Qd5 Rb4 32. h4 Be7 33. Na5 Qb6 34.
Nc6 Rb1+ 35. Rxb1 Qxb1+ 36. Kg2 Bf6 37. Qxd6 Qxc2 38. Qd5 Kh6 39. c5 Qa4 40.
Nxe5 Bxe5 41. Qxe5 1-0